000 00765nam a2200265 i 4500
001 000014120
003 DO-SdBNP
005 20260321073644.0
007 ta
008 091204s2013 dr r 000 f spa dspa d
040 _aDO-SdBNP
_bspa
_cBNPHU
_erda
082 4 _222
100 1 _a Bosch, Juan,
_d1909-2001
_976555
245 0 0 _aRespuesta del Cardenal /
_cedición, Rafael Bello Peguero
264 _aSanto Domingo :
_bAmigo del Hogar,
_c2013.
300 _a11 páginas ;
_c21 cm.
336 _2rdacontent
_atexto
_btxt
337 _2rdamedia
_asin mediación
_bn
338 _2rdacarrier
_avolumen
_bnc
590 _aInventariado, 2024/BT
700 1 _aBello Peguero, Rafael,
_eedición
_924641
830 0 _v5
_98095
910 _aBtavárez
942 _2ddc
_cLF2
999 _c51657
_d51657